Countries of the Americas - One Minute Sprint - Statistics

General Stats
  • This quiz has been taken 420 times
  • The average score is 27 of 35
Answer Stats
country % Correct
Canada
97%
United States
96%
Mexico
92%
Brazil
89%
Cuba
86%
Chile
82%
Costa Rica
80%
Panama
80%
Guatemala
79%
Argentina
78%
Honduras
78%
Peru
78%
Saint Kitts and Nevis
78%
Colombia
77%
Belize
76%
Nicaragua
76%
Dominica
75%
Haiti
75%
Saint Lucia
75%
Venezuela
74%
Antigua and Barbuda
73%
Barbados
73%
Paraguay
73%
Bahamas
72%
Jamaica
72%
Uruguay
72%
Bolivia
71%
El Salvador
71%
Saint Vincent and the Grenadines
71%
Ecuador
70%
Guyana
69%
Dominican Republic
67%
Suriname
65%
Grenada
62%
Trinidad and Tobago
62%
No matching quizzes found
Score Distribution
Percent of People with Each Score
Percentile by Number Answered
Your Score History
You have not taken this quiz